Vân Đài loại ngữ; T1

保存先:
書誌詳細
第一著者: Lê Quý Đôn
フォーマット: 図書
言語:Undetermined
出版事項: Hà Nội VHTT 1995
主題:
タグ: タグ追加
タグなし, このレコードへの初めてのタグを付けませんか!
Thư viện lưu trữ: Trung tâm Học liệu Trường Đại học Cần Thơ
LEADER 00502nam a2200181Ia 4500
001 CTU_20665
008 210402s9999 xx 000 0 und d
082 |a 039 
082 |b Đ454/T1 
100 |a Lê Quý Đôn 
245 0 |a Vân Đài loại ngữ; T1 
245 0 |c Lê Quý Đôn 
260 |a Hà Nội 
260 |b VHTT 
260 |c 1995 
650 |a encyclopedias and dictionaries,ietnamese 
904 |i Minh, 971225 
980 |a Trung tâm Học liệu Trường Đại học Cần Thơ